| 000 | 00525nam a2200181Ia 4500 | ||
|---|---|---|---|
| 999 |
_c22761 _d22761 |
||
| 003 | OSt | ||
| 005 | 20200206125851.0 | ||
| 008 | 190216s9999||||xx |||||||||||||| ||und|| | ||
| 020 | _a9788182714083 | ||
| 040 | _coclc | ||
| 082 |
_a297.122 _bMOU/P |
||
| 100 |
_aMoulavi, K C Abdulla _91854 |
||
| 245 | 0 |
_aParalokam Qur`Anil / _cK C Abdulla Moulavi |
|
| 260 |
_bIslamic Publishing House, _c1976. _aKozhikode: |
||
| 300 | _a190p | ||
| 650 | _aQur`An | ||
| 942 |
_cBK _2ddc _h297.122 _iMOU/P _k297.122 _mMOU/P |
||